Д. И. Менделеев о радиоактивности и сложности элементов

Λεπτομέρειες βιβλιογραφικής εγγραφής
Κύριος συγγραφέας: Макареня А. А. Александр Александрович
Γλώσσα:Ρωσικά
Έκδοση: Москва, Атомиздат, 1975
Έκδοση:3-е изд., перераб. и доп.
Θέματα:
Μορφή: Βιβλίο
KOHA link:https://koha.lib.tpu.ru/cgi-bin/koha/opac-detail.pl?biblionumber=119676

MARC

LEADER 00000nam0a2200000 4500
001 119676
005 20231031124708.0
035 |a (RuTPU)RU\TPU\book\129541 
090 |a 119676 
100 |a 20070726d1975 km y0rusy50 ca 
101 0 |a rus 
102 |a RU 
105 |a a z 001zb 
200 1 |a Д. И. Менделеев о радиоактивности и сложности элементов  |f А. А. Макареня 
205 |a 3-е изд., перераб. и доп. 
210 |a Москва  |c Атомиздат  |d 1975 
215 |a 112 с.  |c ил. 
320 |a Библиогр.: с. 108-110 
600 1 |a Менделеев  |g Дмитрий Иванович  |b Д. И.  |c учёный-энциклопедист, химик, педагог  |f 1834-1907  |c член-корреспондент Петербургской АН  |2 stltpush  |3 (RuTPU)RU\TPU\pers\1367 
610 1 |a радиоактивность 
610 1 |a элементы 
610 1 |a вещества 
610 1 |a свойства 
610 1 |a строение 
675 |a 539.16(092)  |v 4 
700 1 |a Макареня  |b А. А.  |g Александр Александрович 
801 1 |a RU  |b 63413507  |c 20070726  |g PSBO 
801 2 |a RU  |b 63413507  |c 20180720  |g PSBO 
942 |c BK